| 000 | 00577nam a2200169 i 4500 | ||
|---|---|---|---|
| 001 | 104634 | ||
| 003 | ES-MaACL | ||
| 005 | 20230906183643.0 | ||
| 007 | t| | ||
| 008 | 051202s1958 sp ||||1| spa d | ||
| 110 | 2 |
_aEspaña. _bMinisterio de Educación Nacional. _93859 |
|
| 245 | 1 | 0 |
_aBachillerato. Temas de grado... _b: lenguas modernas / _cMinisterio de Educación Nacional. |
| 260 |
_aMadrid : _b[s.n.], _c1958 ( _fGráficas Coalla) |
||
| 300 |
_a155 p. ; _c22 cm. |
||
| 500 | _a"Publicaciones de la Revista de Enseñanza Media" | ||
| 852 |
_aES-MaACL _jC-17718 _bR.43589 |
||
| 999 |
_c104634 _d104634 |
||